Words Containing "Ps" - Statistics

General Stats
  • This quiz has been taken 20,696 times
    15,529 since last reset
  • The average score is 11 of 20
Answer Stats
Definition Word % Correct
Dead body Corpse
91%
When the moon passes in front of the sun, e.g. Eclipse
89%
Examination to determine cause of death Autopsy
82%
A little drunk and unsteady Tipsy
76%
False name Pseudonym
73%
The end of the world as we know it Apocalypse
69%
One of David's hymns Psalm
68%
The fifth Greek letter Epsilon
60%
Similar to an oval Ellipse
59%
Neuron junction Synapse
53%
To overturn (when speaking of ships) Capsize
51%
Ironic and trendy person of the 21st century Hipster
50%
The id, super-ego and ego, collectively Psyche
44%
Summary Synopsis
43%
Style of Afro-Caribbean music Calypso
39%
To fall off the wagon Relapse
38%
Thicket of small trees or shrubs Copse
32%
Part of a church where the altar is located Apse
29%
Chemical found in chilis Capsaicin
28%
Very soft mineral. In one form, it is plaster of Paris Gypsum
20%
No matching quizzes found
Score Distribution
Percent of People with Each Score
Percentile by Number Answered
Your Score History
You have not taken this quiz since the last reset